Southville International School and Colleges
Your cart is empty.
  • Cart
  • Lists
    Public lists Eva Luna New books Lux_list list_1
    Your lists Log in to create your own lists
  • Log in to your account
  • Your cookies
  • Search history
Southville International School and Colleges
  • Advanced search
  • Recent comments
  • Most popular
  • Libraries

Log in to your account

Log in with GOOGLE


If you do not have an external account, but do have a local account, you can still log in:

  1. Home
  2. MARC view: Corazon Aquino :
Normal view MARC view ISBD view

Corazon Aquino : (Record no. 110611)

[ view plain ]
MARC details
000 -LEADER
fixed length control field 00539nam a2200181 a 4500
005 - DATE AND TIME OF LATEST TRANSACTION
control field 20140414131900.0
008 - FIXED-LENGTH DATA ELEMENTS--GENERAL INFORMATION
fixed length control field 040603s19uu xx 00 eng d
020 ## - INTERNATIONAL STANDARD BOOK NUMBER
International Standard Book Number 0-02-179539-8
050 ## - LIBRARY OF CONGRESS CALL NUMBER
Classification number FIL 900
Item number C47 1988
100 ## - MAIN ENTRY--PERSONAL NAME
Personal name Chua-Eoan, Howard
245 ## - TITLE STATEMENT
Title Corazon Aquino :
Remainder of title World leaders past and present /
Statement of responsibility, etc Howard Chua-Eoan.
260 ## - PUBLICATION, DISTRIBUTION, ETC. (IMPRINT)
Place of publication, distribution, etc New York :
Name of publisher, distributor, etc Macmillan / McGraw-Hill School,
Date of publication, distribution, etc 1988.
300 ## - PHYSICAL DESCRIPTION
Extent 111 p. ; cm.
650 ## - SUBJECT ADDED ENTRY--TOPICAL TERM
Topical term or geographic name as entry element World leaders.
650 ## - SUBJECT ADDED ENTRY--TOPICAL TERM
Topical term or geographic name as entry element World leader
General subdivision Philippine.
Holdings
Withdrawn status Lost status Damaged status Use restrictions Home library Current library Shelving location Date acquired Source of acquisition Total Checkouts Full call number Barcode Date last seen Price effective from Koha item type
        Munich Library Munich Library Filipiniana Section 06/03/2004     FIL 900 C47 1988 M1063 04/14/2014 04/14/2014 Books
        Munich Library Munich Library Filipiniana Section 06/03/2004     FIL 900 C47 1988 M1062 04/14/2014 04/14/2014 Books

Corazon Aquino :

APA

Chua-Eoan H., . (1988). Corazon Aquino. New York: Macmillan / McGraw-Hill School.

Chicago

Chua-Eoan Howard, . 1988. Corazon Aquino. New York: Macmillan / McGraw-Hill School.

Harvard

Chua-Eoan H., . (1988). Corazon Aquino. New York: Macmillan / McGraw-Hill School.

MLA

Chua-Eoan Howard, . Corazon Aquino. New York: Macmillan / McGraw-Hill School. 1988.

  • Place hold
  • Print
  • Cite
  • Add to your cart (remove)
  • Save record
    BIBTEX Dublin Core MARCXML MARC (non-Unicode/MARC-8) MARC (Unicode/UTF-8) MARC (Unicode/UTF-8, Standard) MODS (XML) RIS
  • More searches
    Search for this title in:
    Other Libraries (WorldCat) Other Databases (Google Scholar) Online Stores (Bookfinder.com) Open Library (openlibrary.org)

Exporting to Dublin Core...

SOUTHVILLE LIBRARY

Southville International School and Colleges Library

1281 Tropical Ave. Cor. Luxembourg St., BF Homes International, Las Pinas City

Tel. No. 8256374 / 252358 Loc. 117/146

Powered by Koha